Step by step classification: (Record no. 156660)
[ view plain ]
| 000 -LEADER | |
|---|---|
| fixed length control field | 00766nam a22002177a 4500 |
| 005 - DATE AND TIME OF LATEST TRANSACTION | |
| control field | 20180830122826.0 |
| 010 ## - LCCN (DPL NO) | |
| LC control number | ENG-123795-96 |
| 020 ## - INTERNATIONAL STANDARD BOOK NUMBER | |
| Terms of availability | 3500.00 (per set) |
| International Standard Book Number | 9788193359792 (vol.1 & 2) |
| 020 ## - INTERNATIONAL STANDARD BOOK NUMBER | |
| International Standard Book Number | 9788193359778 (vol.1) |
| 020 ## - INTERNATIONAL STANDARD BOOK NUMBER | |
| International Standard Book Number | 9788193359785(vol.I1) |
| 035 ## - SYSTEM CONTROL NUMBER | |
| System control number | EN-107327-28 |
| 037 ## - SOURCE OF ACQUISITION | |
| Source of stock number/acquisition | DBAD/PUB |
| 082 ## - DEWEY DECIMAL CLASSIFICATION NUMBER | |
| Classification number | 025.42 |
| 100 ## - MAIN ENTRY--PERSONAL NAME | |
| Personal name | Rao, V.A. Seshagiri |
| 245 ## - TITLE STATEMENT | |
| Title | Step by step classification: |
| Statement of responsibility, etc | by V.A. Seshagiri Rao |
| Remainder of title | (a formula based classification) / |
| 260 ## - PUBLICATION, DISTRIBUTION, ETC. (IMPRINT) | |
| Place of publication, distribution, etc | New Delhi |
| Name of publisher, distributor, etc | Ess Ess Publications |
| Date of publication, distribution, etc | 2017 |
| 270 ## - ADDRESS | |
| Address | 4831/24, Ansari Road, Darya Ganj, |
| City | New Delhi |
| Postal code | 110002 |
| 300 ## - PHYSICAL DESCRIPTION | |
| Extent | 2vol.(xvii,470p.; 473p.) |
| Dimensions | 22cm(Hb) |
| 505 ## - FORMATTED CONTENTS NOTE | |
| Formatted contents note | Vol.1 - Chapter A-C<br/>Vol.2 - Chapter D-E |
| 942 ## - ADDED ENTRY ELEMENTS (KOHA) | |
| Source of classification or shelving scheme | Dewey Decimal Classification |
| Item type | English Books |
| Call number suffix | RAO |
| Classification part | 025.42 |
| Withdrawn status | Lost status | Materials specified (bound volume or other part) | Not for loan | Collection code | Home library | Current library | Date acquired | Source of acquisition | Cost, normal purchase price | Full call number | Barcode | Copy number | Cost, replacement price | Koha item type |
|---|---|---|---|---|---|---|---|---|---|---|---|---|---|---|
| Vol.1 | Not For Loan | Non-fiction | D.B.Act.Division | Bawana | 30/08/2018 | DBAD/PUB | 3500.00 | 025.42 RAO | EN-107327 | 1 | 3500.00 | English Books | ||
| Vol.2 | Not For Loan | Non-fiction | D.B.Act.Division | Bawana | 30/08/2018 | DBAD/PUB | 3500.00 | 025.42 RAO | EN-107328 | 1 | 3500.00 | English Books |
